[Event "Niedersachsen-ch op-B"]
[Site "Verden"]
[Date "2016.01.05"]
[Round "5"]
[White "Rossberg, Jonathan"]
[Black "Moenster, Madita"]
[Result "1/2-1/2"]
[WhiteElo "1746"]
[BlackElo "1726"]
[PlyCount "39"]
[EventDate "2016.01.03"]
[EventType "swiss"]
[EventRounds "7"]
[EventCountry "GER"]
[SourceTitle "EXT 2018"]
[Source "ChessBase"]
[SourceDate "2017.10.13"]
[SourceVersion "1"]
[SourceVersionDate "2017.10.13"]
[SourceQuality "1"]

1. d4 Nf6 2. c4 e6 3. Nc3 Bb4 4. e3 0-0 5. Bd3 c5 6. Nge2 Nc6 7. 0-0 d5 8. cxd5 exd5 9. dxc5 Bxc5 10. a3 Bb6 11. b4 Bc7 12. Bb2 Ng4 13. h3 Nf6 14. Nf4 d4 15. Nce2 dxe3 16. fxe3 Bb6 17. Rf3 Nd7 18. Rg3 Nce5 19. Bf5 Re8 20. Nh5 1/2-1/2

[Event "Niedersachsen-ch op-B"]
[Site "Verden"]
[Date "2016.01.04"]
[Round "4"]
[White "Nordhorn, Horst"]
[Black "Rossberg, Jonathan"]
[Result "0-1"]
[WhiteElo "1772"]
[BlackElo "1746"]
[PlyCount "90"]
[EventDate "2016.01.03"]
[EventType "swiss"]
[EventRounds "7"]
[EventCountry "GER"]
[SourceTitle "EXT 2018"]
[Source "ChessBase"]
[SourceDate "2017.10.13"]
[SourceVersion "1"]
[SourceVersionDate "2017.10.13"]
[SourceQuality "1"]

1. e4 c5 2. Nf3 e6 3. d4 cxd4 4. Nxd4 a6 5. Nc3 Qc7 6. Bd3 Nf6 7. 0-0 Bc5 8. Nf3 Nc6 9. Bd2 0-0 10. h3 b5 11. a3 Bb7 12. Qe2 d6 13. Rae1 Rfd8 14. e5 dxe5 15. Nxe5 Nxe5 16. Qxe5 Qxe5 17. Rxe5 Bd4 18. Re2 Rac8 19. Nd1 Nh5 20. Kh2 Rc5 21. f3 Be5+ 22. f4 Bb8 23. g4 Nf6 24. Be3 Rcc8 25. Nc3 e5 26. Bc1 e4 27. Nxe4 Nxe4 28. Bxe4 Bxe4 29. Rxe4 Rxc2+ 30. Kg3 g5 31. Kf3 gxf4 32. Bxf4 Bxf4 33. Kxf4 Rxb2 34. Rf3 Rd6 35. g5 Rbd2 36. h4 R2d4 37. Rfe3 Rxe4+ 38. Rxe4 h6 39. Kf5 hxg5 40. hxg5 Kg7 41. a4 Rd5+ 42. Kg4 Kg6 43. Kf4 Rf5+ 44. Kg4 Rxg5+ 45. Kf4 Rc5 0-1

[Event "Niedersachsen-ch op-A"]
[Site "Verden"]
[Date "2015.01.03"]
[Round "4"]
[White "Rossberg, Jonathan"]
[Black "Spieker, Hans Joachim"]
[Result "1-0"]
[WhiteElo "1715"]
[BlackElo "1923"]
[PlyCount "57"]
[EventDate "2015.01.02"]
[EventType "swiss"]
[EventRounds "7"]
[EventCountry "GER"]
[SourceTitle "EXT 2018"]
[Source "ChessBase"]
[SourceDate "2017.10.13"]
[SourceVersion "1"]
[SourceVersionDate "2017.10.13"]
[SourceQuality "1"]

1. d4 Nf6 2. c4 g6 3. Nc3 d5 4. cxd5 Nxd5 5. e4 Nxc3 6. bxc3 c5 7. Bc4 Bg7 8. Ne2 0-0 9. 0-0 Nc6 10. Be3 e6 11. Qd2 cxd4 12. cxd4 Qa5 13. Rfd1 Rd8 14. Rac1 Bd7 15. Qxa5 Nxa5 16. Bd3 Rac8 17. Nf4 Ba4 18. Rxc8 Rxc8 19. Rb1 b6 20. d5 exd5 21. Nxd5 Kf8 22. Bd2 Nc4 23. Bb4+ Ke8 24. Rc1 Bb2 25. Rxc4 Rd8 26. Be7 b5 27. Rxa4 Rxd5 28. exd5 bxa4 29. Bc5 1-0

[Event "Niedersachsen-ch op-A"]
[Site "Verden"]
[Date "2015.01.02"]
[Round "2"]
[White "Rossberg, Jonathan"]
[Black "Pietsch, David"]
[Result "1/2-1/2"]
[WhiteElo "1715"]
[BlackElo "1753"]
[PlyCount "60"]
[EventDate "2015.01.02"]
[EventType "swiss"]
[EventRounds "7"]
[EventCountry "GER"]
[SourceTitle "EXT 2018"]
[Source "ChessBase"]
[SourceDate "2017.10.13"]
[SourceVersion "1"]
[SourceVersionDate "2017.10.13"]
[SourceQuality "1"]

1. d4 d5 2. c4 dxc4 3. e4 e5 4. d5 Bb4+ 5. Bd2 Bxd2+ 6. Nxd2 Nf6 7. Bxc4 Qe7 8. Ne2 0-0 9. 0-0 c6 10. Nc3 b5 11. Bb3 b4 12. Na4 Bb7 13. Re1 cxd5 14. exd5 Rd8 15. Qe2 Bxd5 16. Qxe5 Qxe5 17. Rxe5 Nc6 18. Bxd5 Nxd5 19. Rg5 h6 20. Rg3 Nf4 21. Ne4 Ne2+ 22. Kf1 Nxg3+ 23. Nxg3 Ne5 24. Re1 Re8 25. Nc5 Rad8 26. Nge4 Nd3 27. Nxd3 Rxd3 28. Nf6+ gxf6 29. Rxe8+ Kg7 30. Ke2 Rd5 1/2-1/2

[Event "Niedersachsen-ch op-B"]
[Site "Verden"]
[Date "2014.01.03"]
[Round "4"]
[White "Rossberg, Jonathan"]
[Black "Reichelt, Ole"]
[Result "0-1"]
[WhiteElo "1497"]
[BlackElo "1745"]
[PlyCount "74"]
[EventDate "2014.01.02"]
[EventType "swiss"]
[EventRounds "7"]
[EventCountry "GER"]
[SourceTitle "EXT 2016"]
[Source "ChessBase"]
[SourceDate "2015.10.08"]
[SourceVersion "1"]
[SourceVersionDate "2015.10.08"]
[SourceQuality "1"]

1. d4 f5 2. c4 Nf6 3. Nc3 e6 4. g3 Bb4 5. Bd2 0-0 6. Bg2 d5 7. cxd5 exd5 8. e3 b6 9. Nge2 Bb7 10. 0-0 Bxc3 11. Bxc3 Ne4 12. Nf4 Qe8 13. Qb3 Qf7 14. Rac1 Nd7 15. Rfd1 Rad8 16. Bd2 c6 17. Qc2 Ndf6 18. b4 b5 19. Nd3 Nd7 20. a3 Qe7 21. Ra1 Nb6 22. Nc5 Nc4 23. Nxe4 fxe4 24. Bf1 Rf6 25. Bg2 Bc8 26. h3 Rdf8 27. Rf1 Rh6 28. h4 Bg4 29. Bc3 Qe6 30. a4 a6 31. axb5 cxb5 32. Ra2 Bf3 33. Rfa1 Rxh4 34. Rxa6 Rh1+ 35. Bxh1 Qh3 36. Bxf3 exf3 37. Qxh7+ Kxh7 0-1

[Event "Niedersachsen-ch op-C"]
[Site "Verden"]
[Date "2013.01.03"]
[Round "1"]
[White "Rossberg, Jonathan"]
[Black "Laubrock, Johannes"]
[Result "1-0"]
[WhiteElo "1319"]
[BlackElo "733"]
[PlyCount "51"]
[EventDate "2013.01.03"]
[EventType "swiss"]
[EventRounds "7"]
[EventCountry "GER"]
[SourceTitle "EXT 2021"]
[Source "ChessBase"]
[SourceDate "2020.10.23"]
[SourceVersion "1"]
[SourceVersionDate "2020.10.23"]
[SourceQuality "1"]

1. d4 d5 2. c4 e6 3. Nc3 Bb4 4. a3 Bxc3+ 5. bxc3 Nc6 6. cxd5 Qxd5 7. Nf3 Nf6 8. e3 e5 9. c4 Qe4 10. Bd3 Qg4 11. Nxe5 Nxe5 12. dxe5 Ne4 13. Qxg4 Bxg4 14. Bxe4 Rd8 15. 0-0 Be2 16. Re1 Rd1 17. Rxd1 Bxd1 18. Bxb7 0-0 19. Bd5 Rd8 20. Bb2 Bb3 21. Bd4 a6 22. Rb1 Ba2 23. Rb2 Bxc4 24. Bxc4 c5 25. Bxc5 Rd1+ 26. Bf1 1-0

[Event "Hannover-ch U16"]
[Site "Lehrte"]
[Date "2010.10.10"]
[Round "4"]
[White "Danitz, Niels Luca"]
[Black "Rossberg, Jonathan"]
[Result "0-1"]
[WhiteElo "901"]
[BlackElo "920"]
[PlyCount "46"]
[EventDate "2010.10.09"]
[EventType "swiss"]
[EventRounds "7"]
[EventCountry "GER"]
[SourceTitle "EXT 2021"]
[Source "ChessBase"]
[SourceDate "2020.10.23"]
[SourceVersion "1"]
[SourceVersionDate "2020.10.23"]
[SourceQuality "1"]

1. d4 d5 2. c4 e6 3. Nc3 Nf6 4. Bg5 Be7 5. e3 Nc6 6. Nf3 h6 7. Bh4 0-0 8. Bd3 a6 9. 0-0 Nb4 10. a3 Nxd3 11. Qxd3 c6 12. Bg3 Nh5 13. Be5 f6 14. Qg6 Qe8 15. Qxe8 Rxe8 16. Bc7 dxc4 17. g4 Bd8 18. Bxd8 Rxd8 19. gxh5 b6 20. Rac1 c5 21. Na4 Bb7 22. Nd2 Rd5 23. Nxb6 Rg5# 0-1